Modern Journalism reporting and writing / (Record no. 122820)

MARC details
000 -LEADER
fixed length control field 00729nam a22002297a 4500
005 - DATE AND TIME OF LATEST TRANSACTION
control field 20170124105916.0
010 ## - LIBRARY OF CONGRESS CONTROL NUMBER
LC control number B-159139
020 ## - INTERNATIONAL STANDARD BOOK NUMBER
International Standard Book Number 9788176297073
Terms of availability 1450.00
035 ## - SYSTEM CONTROL NUMBER
System control number B-159139
037 ## - SOURCE OF ACQUISITION
Source of stock number/acquisition Cen Lib/Ret
040 ## - CATALOGING SOURCE
Original cataloging agency DPL
Language of cataloging EN
082 ## - DEWEY DECIMAL CLASSIFICATION NUMBER
Classification number 070.43
Item number SHA
100 ## - MAIN ENTRY--PERSONAL NAME
Personal name Sharma, Diwakar
9 (RLIN) 106757
245 ## - TITLE STATEMENT
Title Modern Journalism reporting and writing /
Statement of responsibility, etc by Diwakar Sharma
260 ## - PUBLICATION, DISTRIBUTION, ETC. (IMPRINT)
Place of publication, distribution, etc New Delhi
Name of publisher, distributor, etc Deep and Deep Publications
Date of publication, distribution, etc 2005
270 ## - ADDRESS
Address F-159,Rajouri Garden
City New Delhi
Postal code 110027
300 ## - PHYSICAL DESCRIPTION
Extent xiii,681p.
Dimensions 24cm(Hb)
500 ## - GENERAL NOTE
General note Includes bibliographical reference and index
650 ## - SUBJECT ADDED ENTRY--TOPICAL TERM
Topical term or geographic name as entry element Mass Communication
9 (RLIN) 106758
650 ## - SUBJECT ADDED ENTRY--TOPICAL TERM
Topical term or geographic name as entry element Print Media-Genesis
9 (RLIN) 2483
942 ## - ADDED ENTRY ELEMENTS (KOHA)
Source of classification or shelving scheme Dewey Decimal Classification
Koha item type English Books
Classification part 070.43
Call number suffix SHA
Holdings
Withdrawn status Lost status Damaged status Not for loan Collection code Home library Current library Date acquired Source of acquisition Cost, normal purchase price Total Checkouts Full call number Barcode Date last seen Copy number Cost, replacement price Price effective from Koha item type Source of classification or shelving scheme Total Renewals Date checked out
      Not For Loan Reference Central Library Central Library 30/05/2015 Cen Lib/Ret 1450.00   070.43 SHA B-159139 30/05/2015 1 1450.00 30/05/2015 English Books      
          Central Library Central Library 23/07/2015 Cen Lib/Ret 0.00   070.43 SHA B-159138 23/07/2015 1 0.00 23/07/2015 English Books      
        Non-fiction Sarojini Nagar Sarojini Nagar 08/04/2019     4 070.43 SHA B-159141 19/09/2022     08/04/2019 English Books Dewey Decimal Classification 3 05/09/2022

© Delhi Public Library
Hit Counter
free hit counter